Madame de Longueville : etudes sur les femmes illustres et la societe du 17e siecle. 2de ed. La jeunesse de Madame de Longueville.

Saved in:
Bibliographic Details
Main Author: Cousin, Victor, 1792-1867
Format: Book
Language:French
Published: Paris : Didier, 1853.
Edition:2de ed.
Subjects:
LEADER 00862nam a22002051 4500
001 c000203922
003 CARM
005 20021125002000.0
008 851113s1853 fr 0 fre d
019 1 |a 4138665  |5 LACONCORD2021 
035 |a (OCoLC)219264343  |5 LACONCORD2021 
100 1 |a Cousin, Victor,  |d 1792-1867. 
245 1 0 |a Madame de Longueville :  |b etudes sur les femmes illustres et la societe du 17e siecle. 2de ed. La jeunesse de Madame de Longueville. 
250 |a 2de ed. 
260 |a Paris :  |b Didier,  |c 1853. 
600 1 0 |a Longueville, Anne Geneviève de Bourbon-Condé,  |c duchesse de,  |d 1619-1679. 
852 8 |b CARM  |h A2:AK06A0  |i B06047  |p 0284343  |f BK 
082 0 4 |a 944.033 
999 f f |i 69777b16-6501-5549-a8d8-10b32c3734ea  |s fd8aafda-06e1-59c6-8fd7-64a8a3fa7fce 
952 f f |p Can circulate  |a CAVAL  |b CAVAL  |c CAVAL  |d CARM 1 Store  |e B06047  |f A2:AK06A0  |h Other scheme  |i book  |m 0284343